[Event "IECC CL5-2012.02 email"]
[Site "IECC email"]
[Date "2012.04.01"]
[Round "?"]
[White "Bienkowski, Alejandro"]
[Black "Gideon, Daniel"]
[Result "1/2-1/2"]
[WhiteElo "1525"]
[BlackElo "1455"]
[PlyCount "61"]
[EventDate "2012.??.??"]
[EventType "tourn (corr)"]
[EventRounds "4"]
[SourceTitle "Telechess CBM 165"]
[Source "ChessBase"]
[SourceDate "2015.03.11"]
[SourceVersion "1"]
[SourceVersionDate "2015.03.11"]
[SourceQuality "1"]
[WhiteTeam "Argentina"]
[BlackTeam "Canada"]
[WhiteTeamCountry "ARG"]
[BlackTeamCountry "CAN"]

1. e4 a6 2. d4 d5 3. exd5 Qxd5 4. Nc3 Qd6 5. Nf3 Nf6 6. g3 e6 7. Bg2 Be7 8. 0-0 0-0 9. Re1 Rd8 10. Be3 Nc6 11. a3 Qd7 12. Qe2 Nd5 13. Nxd5 exd5 14. Rad1 b5 15. Bg5 Re8 16. Bxe7 Qxe7 17. Qd3 Be6 18. Rd2 Qd7 19. Rde2 g6 20. Qd2 Kg7 21. c3 f6 22. h4 Re7 23. Qf4 Rae8 24. Nd2 Na5 25. b4 Nc4 26. Nb3 Bf7 27. Nc5 Qd8 28. Rxe7 Rxe7 29. Rxe7 Qxe7 30. Nxa6 c6 31. Nc5 1/2-1/2

[Event "IECC CL5-2012.02 email"]
[Site "IECC email"]
[Date "2012.04.01"]
[Round "?"]
[White "Hargreaves, John Richard"]
[Black "Gideon, Daniel"]
[Result "1-0"]
[WhiteElo "1688"]
[BlackElo "1447"]
[PlyCount "35"]
[EventDate "2012.??.??"]
[EventType "tourn (corr)"]
[EventRounds "4"]
[SourceTitle "Corr 2015"]
[Source "ChessBase"]
[SourceDate "2015.07.17"]
[SourceVersion "1"]
[SourceVersionDate "2015.07.17"]
[SourceQuality "1"]
[WhiteTeam "England"]
[BlackTeam "Canada"]
[WhiteTeamCountry "ENG"]
[BlackTeamCountry "CAN"]

1. Nf3 Nf6 2. c4 g6 3. g3 c5 4. Bg2 Bg7 5. d4 0-0 6. 0-0 cxd4 7. Nxd4 Qb6 8. Nc3 Nc6 9. Nb3 d6 10. Bf4 Rd8 11. Nb5 Rb8 12. Be3 Qa6 13. Qd2 Bd7 14. Na3 Rbc8 15. Rac1 Ng4 16. Bf4 Qb6 17. h3 Qxf2+ 18. Rxf2 1-0